Návrh a optimalizace čtyřkanálového systému vysokofrekvenčních snímacích cívek pro zobrazování plic pomocí NMR a hyperpolarizovaného hélia : dát. obhaj. 25.11.2011, č. ved. odb. 5-2-54
Gespeichert in:
| 1. Verfasser: | |
|---|---|
| Weitere Verfasser: | |
| Format: | Manuskript Buch |
| Sprache: | Tschechisch |
| Veröffentlicht: |
Bratislava :
STU v Bratislave FEI,
2011
|
| Schlagworte: | |
| Tags: |
Keine Tags, Fügen Sie das erste Tag hinzu!
|
MARC
| LEADER | 00000ntm a22000003a 4500 | ||
|---|---|---|---|
| 001 | stu243832 | ||
| 005 | 20160719165141.4 | ||
| 008 | 120228s2011----xo------------------cze-d | ||
| 040 | |a STU |b slo | ||
| 041 | 0 | |a cze | |
| 044 | |a xo | ||
| 100 | 1 | |a Vojtíšek, Lubomír, |d 1980- |4 aut |X 60605 |7 A000060605 | |
| 242 | 0 | 0 | |a Design and optimization of four channel phased array coils for hyperpolarized 3HE lung imaging |y eng |
| 242 | 0 | 0 | |a Zobrazovanie pľúc pomocou NMR a hyperpolarizovaného hélia - návrh a optimalizácia štvorkanálového systému vysokofrekvenčných cievok |y slo |
| 245 | 1 | |a Návrh a optimalizace čtyřkanálového systému vysokofrekvenčních snímacích cívek pro zobrazování plic pomocí NMR a hyperpolarizovaného hélia : |b dát. obhaj. 25.11.2011, č. ved. odb. 5-2-54 | |
| 260 | |a Bratislava : |b STU v Bratislave FEI, |c 2011 | ||
| 300 | |a 169 s | ||
| 650 | 7 | |a optimization |2 estusub | |
| 700 | 1 | |a Frollo, Ivan, |d 1939- |4 ths |X 3843 |7 3843 | |
| 996 | |b 284ED01354 |c E*ZP-218 |l EE01 |s A |a 24 |w stu243832_0001 | ||